State/Nation Capitals closest to Miami - Version 2 - Statistics

General Stats
  • This quiz has been taken 13 times
  • The average score is 7 of 10
Answer Stats
Distance (miles) Capital % Correct
604.2 Atlanta
91%
184.77 Nassau
91%
227.12 Havana
82%
579.55 Kingston
82%
708.23 Port-au-Prince
82%
568.82 Columbia
73%
585.62 Montgomery
73%
695.46 Raleigh
73%
406.59 Tallahassee
73%
683.81 Merida
18%
No matching quizzes found
Score Distribution
Percent of People with Each Score
Percentile by Number Answered
Your Score History
You have not taken this quiz